00812nam a2200253 4500003000400000005001700004008004100021020001500062020001500077040001800092050001600110100002900126245011800155264004900273300002600322336002200348337002400370338002400394490004100418650003700459650003300496942001200529999001700541OSt20260530113846.0260421b2006 sp a|||| |||| 00| 0 spa d a9501227227 a844931769X aICIbspacICI 4aNA2750bC431 aChaves, Norberto,93073513aEl diseño invisible :bsiete lecciones sobre la intervención culta en el hábitat humano /cNorberto Chaves  1bPaidos,c[2006?]aBuenos Aires ;aMéxico : a133 páginasc22 cm. atexto2rdacontent asin medio2rdamedia avolumen2rdacarrier0 aPaidóspEstudios de comunicación 4aDiseño arquitectónico930736 4aAsentamientos humanos930737 2lcccBK c11291d11291